[Event "WchT Seniors 50"]
[Site "Prague"]
[Date "2020.03.12"]
[Round "7.3"]
[White "Berber, Theodor"]
[Black "Ohlson, Cecil"]
[Result "0-1"]
[WhiteElo "1586"]
[BlackElo "1643"]
[PlyCount "50"]
[EventDate "2020.03.06"]
[EventType "team-swiss"]
[EventRounds "7"]
[EventCountry "CZE"]
[SourceTitle "CBM 195 Extra"]
[Source "ChessBase"]
[SourceDate "2020.05.31"]
[SourceVersion "1"]
[SourceVersionDate "2020.05.31"]
[SourceQuality "1"]
[WhiteTeam "Germany 50 XII"]
[BlackTeam "South Africa 50"]
[WhiteTeamCountry "GER"]
[BlackTeamCountry "RSA"]

1. d4 d5 2. Bf4 c5 3. e3 Nc6 4. c3 Nf6 5. Nd2 Bf5 6. Be2 e6 7. Ngf3 h6 8. Ne5 Nxe5 9. dxe5 Nd7 10. Nf3 g5 11. Bg3 Bg7 12. h3 0-0 13. Bh2 Qc7 14. 0-0 Nxe5 15. Kh1 f6 16. Qb3 Qf7 17. Rad1 c4 18. Qb4 Nd3 19. Bxd3 Bxd3 20. Rfe1 e5 21. Rd2 Rfc8 22. a4 Bf8 23. Qb5 Rc5 24. Qb4 Rc6 25. Qa5 a6 0-1

[Event "MVP-ch Seniors op 19th"]
[Site "Ostseebad Binz"]
[Date "2019.12.04"]
[Round "8"]
[White "Berber, Theodor"]
[Black "Mahrla, Hans"]
[Result "1/2-1/2"]
[WhiteElo "1578"]
[BlackElo "1734"]
[PlyCount "116"]
[EventDate "2019.11.27"]
[EventType "swiss"]
[EventRounds "9"]
[EventCountry "GER"]
[SourceTitle "EXT 2021"]
[Source "ChessBase"]
[SourceDate "2020.10.23"]
[SourceVersion "1"]
[SourceVersionDate "2020.10.23"]
[SourceQuality "1"]

1. d4 e6 2. Bf4 Nf6 3. e3 d5 4. Bd3 c5 5. c3 Nc6 6. Nd2 Be7 7. h3 0-0 8. Ngf3 h6 9. Bh2 cxd4 10. exd4 Bd6 11. Ne5 Qc7 12. Ndf3 Re8 13. 0-0 Nd7 14. Re1 f6 15. Nxc6 Bxh2+ 16. Nxh2 bxc6 17. Nf3 e5 18. dxe5 fxe5 19. Bc2 e4 20. Qd4 Nf6 21. Nh2 c5 22. Qd2 Bb7 23. Rad1 Rad8 24. Nf1 d4 25. cxd4 cxd4 26. Bb3+ Kh8 27. Qb4 d3 28. Ne3 Qd7 29. Rd2 Rc8 30. Nc4 Bd5 31. Nd6 Bxb3 32. axb3 Rb8 33. Qa3 Re6 34. Nf5 Rc8 35. Ne3 Qc7 36. b4 Qb7 37. Nf5 Rec6 38. Red1 Qd7 39. Ne3 Rc1 40. Qb3 R8c2 41. Rxc2 Rxd1+ 42. Nxd1 dxc2 43. Qxc2 Qd3 44. Qxd3 exd3 45. Nc3 Nd7 46. Kf1 Ne5 47. b3 a6 48. Ke1 Kg8 49. Kd2 Kf7 50. f4 Nc6 51. b5 axb5 52. Nxb5 Nb4 53. Nc3 Ke6 54. g4 g6 55. Nd1 Kd5 56. Ne3+ Ke4 57. f5 gxf5 58. gxf5 Ke5 1/2-1/2

[Event "MVP-ch Seniors op 19th"]
[Site "Ostseebad Binz"]
[Date "2019.11.30"]
[Round "4"]
[White "Berber, Theodor"]
[Black "Kremser, Ulrich"]
[Result "1/2-1/2"]
[WhiteElo "1578"]
[BlackElo "1452"]
[PlyCount "56"]
[EventDate "2019.11.27"]
[EventType "swiss"]
[EventRounds "9"]
[EventCountry "GER"]
[SourceTitle "EXT 2021"]
[Source "ChessBase"]
[SourceDate "2020.10.23"]
[SourceVersion "1"]
[SourceVersionDate "2020.10.23"]
[SourceQuality "1"]

1. d4 Nf6 2. Bf4 d6 3. e3 g6 4. Be2 Bg7 5. Nf3 0-0 6. 0-0 a6 7. c4 b6 8. Nc3 Bb7 9. Rc1 h6 10. h3 Re8 11. Bh2 Nbd7 12. b3 e5 13. dxe5 dxe5 14. Qc2 Rc8 15. Rfd1 Qe7 16. Nd5 Qe6 17. Nxf6+ Bxf6 18. Nd2 e4 19. Bg4 Qc6 20. Nb1 Rcd8 21. Nc3 Ne5 22. Bxe5 Bxe5 23. Rxd8 Rxd8 24. Rd1 Rf8 25. Nd5 Kg7 26. Be2 f5 27. g3 Bxg3 28. fxg3 b5 1/2-1/2

[Event "Schleswig-Holstein-ch Seniors-B"]
[Site "Bad Segeberg"]
[Date "2018.03.28"]
[Round "7"]
[White "Eberhardt, Michael"]
[Black "Berber, Theodor"]
[Result "0-1"]
[WhiteElo "1790"]
[BlackElo "1589"]
[PlyCount "102"]
[EventDate "2018.03.24"]
[EventType "swiss"]
[EventRounds "9"]
[EventCountry "GER"]
[SourceTitle "EXT 2023"]
[Source "ChessBase"]
[SourceDate "2022.10.05"]
[SourceVersion "1"]
[SourceVersionDate "2022.10.05"]
[SourceQuality "1"]

1. Nf3 Nf6 2. c4 c5 3. g3 e6 4. Bg2 Be7 5. b3 0-0 6. Bb2 Nc6 7. 0-0 d6 8. Nc3 a6 9. Rc1 Rb8 10. e3 b6 11. Qc2 Nb4 12. Qb1 Bb7 13. a3 Nc6 14. Rfe1 h6 15. d4 cxd4 16. exd4 Na7 17. Rcd1 Qc8 18. d5 e5 19. Qd3 Qc7 20. h3 Rfd8 21. Ne4 Bc8 22. Nxf6+ Bxf6 23. Bc1 Qe7 24. Qe4 Re8 25. Be3 Bd7 26. Nd2 g5 27. g4 Bg7 28. Bf1 Rf8 29. Qg2 f5 30. f4 fxg4 31. hxg4 gxf4 32. Bf2 Rf7 33. Bd3 Bf8 34. Nf3 Bxg4 35. Bh4 Qd7 36. Kf2 Rg7 37. Rg1 Rb7 38. Rde1 Bf5 39. Qf1 Qf7 40. Rxg7+ Bxg7 41. Qe2 Nc8 42. Rg1 Kh8 43. Ke1 Ne7 44. Kd2 Bxd3 45. Qxd3 Nf5 46. Bf2 Re7 47. Re1 Rb7 48. b4 Ng3 49. Bxg3 fxg3 50. Rg1 Qf4+ 51. Qe3 Rf7 0-1

[Event "Schleswig-Holstein-ch Seniors-B"]
[Site "Bad Segeberg"]
[Date "2018.03.26"]
[Round "4"]
[White "Berber, Theodor"]
[Black "Stolten, Jost"]
[Result "0-1"]
[WhiteElo "1589"]
[BlackElo "1486"]
[PlyCount "92"]
[EventDate "2018.03.24"]
[EventType "swiss"]
[EventRounds "9"]
[EventCountry "GER"]
[SourceTitle "EXT 2023"]
[Source "ChessBase"]
[SourceDate "2022.10.05"]
[SourceVersion "1"]
[SourceVersionDate "2022.10.05"]
[SourceQuality "1"]

1. d4 Nf6 2. Nf3 g6 3. Bf4 d6 4. Nc3 Bg7 5. Bg3 Nbd7 6. e3 b6 7. h3 Bb7 8. Be2 a6 9. 0-0 0-0 10. Rb1 d5 11. Ne5 Nxe5 12. dxe5 Nd7 13. f4 c6 14. a3 Nc5 15. Bf3 e6 16. b4 Nd7 17. Ne2 Qc7 18. c3 b5 19. Rc1 Nb6 20. Qb3 Nc4 21. Rfe1 Nxe3 22. Bf2 Nc4 23. Red1 Rfe8 24. Bc5 Bf8 25. Bd4 c5 26. bxc5 Bxc5 27. Kf2 Bxd4+ 28. cxd4 Qe7 29. g3 Nxa3 30. Rc5 Nc4 31. Nc1 Rac8 32. Nd3 Rxc5 33. dxc5 Bc6 34. Ke2 Qa7 35. Ra1 a5 36. Bg2 a4 37. Qb4 Na5 38. Ra2 Nc4 39. Bf3 Qb7 40. Nf2 Rd8 41. Ng4 d4 42. Bxc6 Qxc6 43. Nf6+ Kg7 44. Kf2 d3 45. Rd2 Nxd2 46. Qxd2 Qxc5+ 0-1

[Event "Schleswig-Holstein-ch Seniors-B"]
[Site "Bad Segeberg"]
[Date "2018.03.25"]
[Round "2"]
[White "Berber, Theodor"]
[Black "Fiedler, Friedrich"]
[Result "1-0"]
[WhiteElo "1589"]
[BlackElo "1850"]
[PlyCount "131"]
[EventDate "2018.03.24"]
[EventType "swiss"]
[EventRounds "9"]
[EventCountry "GER"]
[SourceTitle "EXT 2023"]
[Source "ChessBase"]
[SourceDate "2022.10.05"]
[SourceVersion "1"]
[SourceVersionDate "2022.10.05"]
[SourceQuality "1"]

1. d4 c6 2. Nf3 d5 3. e3 Bg4 4. Bd3 e6 5. Nbd2 Nf6 6. 0-0 Bd6 7. h3 Bh5 8. e4 dxe4 9. Nxe4 Nxe4 10. Bxe4 Nd7 11. Re1 Nf6 12. Bd3 0-0 13. c3 c5 14. Be2 cxd4 15. Nxd4 Bxe2 16. Qxe2 a6 17. Bg5 h6 18. Bxf6 Qxf6 19. Qf3 Qxf3 20. Nxf3 Rac8 21. Rad1 Rfd8 22. Kf1 b5 23. a3 g6 24. Re4 Bc5 25. Ree1 Kf8 26. Ke2 f6 27. Rd2 Rxd2+ 28. Nxd2 f5 29. Nb3 Bb6 30. Rd1 Ke7 31. f3 Rc6 32. Nd4 Rc4 33. Nc2 a5 34. Kd3 e5 35. Re1 Kf6 36. b3 Rc6 37. Ne3 Rd6+ 38. Kc2 h5 39. Re2 f4 40. Nf1 Kf5 41. Nd2 g5 42. c4 bxc4 43. Nxc4 Rc6 44. Rxe5+ Kf6 45. Re4 Bd8 46. Kd3 Rc7 47. a4 Rd7+ 48. Rd4 Rxd4+ 49. Kxd4 Kf5 50. Nd6+ Ke6 51. Ne4 Bb6+ 52. Kd3 Kf5 53. Nd6+ Ke6 54. Nc4 Bc7 55. Ke4 Bd8 56. Ne5 Bc7 57. Nd3 Bb6 58. b4 axb4 59. Nxb4 Bc5 60. Nd3 Bb6 61. Nb2 Kf6 62. Nc4 Bc5 63. a5 Ke6 64. a6 Ba7 65. Ne5 Bb6 66. Nc6 1-0

[Event "Schleswig-Holstein-ch Seniors-B"]
[Site "Bad Segeberg"]
[Date "2018.03.24"]
[Round "1"]
[White "Schiemann, Dietrich"]
[Black "Berber, Theodor"]
[Result "1/2-1/2"]
[WhiteElo "1801"]
[BlackElo "1589"]
[PlyCount "43"]
[EventDate "2018.03.24"]
[EventType "swiss"]
[EventRounds "9"]
[EventCountry "GER"]
[SourceTitle "EXT 2023"]
[Source "ChessBase"]
[SourceDate "2022.10.05"]
[SourceVersion "1"]
[SourceVersionDate "2022.10.05"]
[SourceQuality "1"]

1. e4 c6 2. d4 d5 3. exd5 cxd5 4. Nf3 Nf6 5. Bd3 Bg4 6. 0-0 e6 7. c3 Be7 8. Nbd2 Nbd7 9. Qc2 0-0 10. Re1 Qc7 11. h3 Bh5 12. Ne5 Bd6 13. g4 Bg6 14. Nxg6 hxg6 15. Nf3 Rfe8 16. Bd2 Rac8 17. Rac1 a6 18. a4 Re7 19. b3 e5 20. dxe5 Nxe5 21. Nxe5 Bxe5 22. Kg2 1/2-1/2

[Event "Schleswig Holstein-ch Seniors op 11th"]
[Site "Buesum"]
[Date "2017.09.12"]
[Round "5"]
[White "Berber, Theodor"]
[Black "Schumacher, Ursula"]
[Result "1/2-1/2"]
[WhiteElo "1627"]
[BlackElo "1519"]
[PlyCount "104"]
[EventDate "2017.09.08"]
[EventType "swiss"]
[EventRounds "9"]
[EventCountry "GER"]
[SourceTitle "EXT 2019"]
[Source "ChessBase"]
[SourceDate "2018.10.10"]
[SourceVersion "1"]
[SourceVersionDate "2018.10.10"]
[SourceQuality "1"]

1. d4 c6 2. Nf3 d5 3. e3 Bf5 4. Nbd2 Nf6 5. Be2 Nbd7 6. 0-0 e6 7. c4 Be7 8. b3 0-0 9. Bb2 h6 10. Ne5 Nxe5 11. dxe5 Nd7 12. Nf3 Qa5 13. h3 Nc5 14. a3 Qc7 15. Rc1 Rad8 16. Bd4 b6 17. b4 Ne4 18. cxd5 exd5 19. Qb3 Qd7 20. Qa4 Rc8 21. Nh2 Be6 22. Rc2 Rc7 23. Rfc1 Rfc8 24. Ba6 Rb8 25. Rxc6 Rxc6 26. Qxc6 Qxc6 27. Rxc6 Bd8 28. Nf3 Bd7 29. Rc1 Be6 30. Be2 g6 31. Bb5 Rb7 32. Bb2 g5 33. g4 Kg7 34. Nd4 Rc7 35. Rxc7 Bxc7 36. Nf5+ Kg6 37. Ng3 Nxg3 38. fxg3 Kg7 39. Bd3 Kf8 40. Bf5 Ke7 41. Bd4 Kd7 42. Kf2 Kc6 43. a4 a6 44. Bd3 b5 45. a5 Kb7 46. h4 Kc6 47. h5 Kd7 48. e4 Kc6 49. Ke3 Kb7 50. exd5 Bxd5 51. Be4 Kc6 52. Bf5 Be6 1/2-1/2

[Event "Schleswig Holstein-ch Seniors op 11th"]
[Site "Buesum"]
[Date "2017.09.09"]
[Round "2"]
[White "Potschka, Dieter"]
[Black "Berber, Theodor"]
[Result "1-0"]
[WhiteElo "1829"]
[BlackElo "1627"]
[PlyCount "73"]
[EventDate "2017.09.08"]
[EventType "swiss"]
[EventRounds "9"]
[EventCountry "GER"]
[SourceTitle "EXT 2019"]
[Source "ChessBase"]
[SourceDate "2018.10.10"]
[SourceVersion "1"]
[SourceVersionDate "2018.10.10"]
[SourceQuality "1"]

1. c4 Nf6 2. Nc3 g6 3. d3 Bg7 4. Nf3 0-0 5. e4 d6 6. Be2 Nbd7 7. 0-0 b6 8. Bd2 Bb7 9. b4 c5 10. b5 e6 11. Rb1 Qc7 12. Qc1 Rfe8 13. a4 Rac8 14. Ne1 e5 15. Nd1 Ra8 16. Bh6 Bh8 17. f4 exf4 18. Qxf4 Ne5 19. h3 Re6 20. Ne3 Nh5 21. Bxh5 gxh5 22. Qg5+ Rg6 23. Qxh5 Re8 24. Nf5 Ree6 25. Be3 Bg7 26. Bg5 Nxc4 27. Nxg7 Kxg7 28. dxc4 Bxe4 29. Rb3 Rxg5 30. Qxg5+ Rg6 31. Qf4 Ba8 32. Rg3 Qd7 33. Rxg6+ hxg6 34. Qf6+ Kg8 35. Nf3 Bxf3 36. Rxf3 d5 37. Qc6 1-0

[Event "Augsburg op"]
[Site "Augsburg"]
[Date "2013.12.28"]
[Round "4"]
[White "Reichert, Sebastian"]
[Black "Berber, Theodor"]
[Result "1-0"]
[WhiteElo "1496"]
[BlackElo "1608"]
[PlyCount "81"]
[EventDate "2013.12.27"]
[EventType "swiss"]
[EventRounds "7"]
[EventCountry "GER"]
[SourceTitle "CBM 158 Extra"]
[Source "ChessBase"]
[SourceDate "2014.02.28"]
[SourceVersion "1"]
[SourceVersionDate "2014.02.28"]
[SourceQuality "1"]

1. d4 c5 2. d5 e5 3. dxe6 fxe6 4. e4 Nc6 5. Nf3 d6 6. a3 Be7 7. Bb5 Qa5+ 8. Nc3 a6 9. Bxc6+ bxc6 10. Bd2 Qc7 11. 0-0 Nf6 12. Bg5 0-0 13. Re1 e5 14. h3 h6 15. Bh4 Be6 16. Bg3 g5 17. Qd2 Nh5 18. Nh2 Nxg3 19. fxg3 Rf7 20. Rf1 Raf8 21. Rxf7 Rxf7 22. Rf1 Rxf1+ 23. Nxf1 Kg7 24. Ne3 Qa5 25. g4 Qb6 26. Qc1 Qb7 27. Ne2 d5 28. exd5 cxd5 29. Ng3 c4 30. Nef5+ Bxf5 31. Nxf5+ Kh7 32. h4 Qb6+ 33. Kh1 Bd8 34. h5 d4 35. Qe1 Bc7 36. Qe4 Kg8 37. Qd5+ Kf8 38. Qd7 Qc5 39. Nxh6 Qe7 40. Qd5 Qd6 41. Qg8+ 1-0